[Event "NB I. Charousek csoport"]
[Site "Zalaegerszeg"]
[Date "2023.10.08"]
[Round "1.10"]
[White "Forgo, Eva"]
[Black "Colev, Ivor"]
[Result "0-1"]
[WhiteElo "2079"]
[BlackElo "2045"]
[PlyCount "81"]
[EventDate "2023.10.08"]
[EventType "team-tourn"]
[EventRounds "11"]
[EventCountry "HUN"]
[Source "chess.hu"]
[WhiteTeam "Z.Csuti-Hydrocomp SK"]
[BlackTeam "Haladas VSE II."]
[WhiteTeamCountry "HUN"]
[BlackTeamCountry "HUN"]

1. e4 c5 2. Nf3 d6 3. d4 cxd4 4. Nxd4 Nf6 5. Nc3 g6 6. Be2 Bg7 7. O-O O-O 8.
Bg5 Nc6 9. Nb3 a6 10. Re1 b5 11. Bf1 Be6 12. a4 Bxb3 13. cxb3 b4 14. Nd5 Nxd5
15. exd5 Ne5 16. f4 Nd7 17. Qd2 Re8 18. Bc4 Qb6+ 19. Kh1 Nc5 20. Qf2 Nxa4 21.
Qxb6 Nxb6 22. Rxe7 Nxc4 23. bxc4 Bxb2 24. Rxa6 Rxa6 25. Rxe8+ Kg7 26. g4 Bd4
27. Be7 f6 28. Rb8 Kf7 29. Rb7 Ra7 30. Rxa7 Bxa7 31. Bxd6 b3 32. Ba3 Bd4 33.
Kg2 b2 34. Bxb2 Bxb2 35. f5 g5 36. Kf3 Ba3 37. Ke4 Ke7 38. Kd4 Kd6 39. Ke4 Bb2
40. Kd3 Kc5 41. h3 0-1

[Event "NB I. Charousek csoport"]
[Site "Zalaegerszeg"]
[Date "2023.10.08"]
[Round "1.11"]
[White "Apro, Barnabas"]
[Black "Majoros, Rozsa Evelin"]
[Result "1-0"]
[WhiteElo "2006"]
[BlackElo "2029"]
[PlyCount "103"]
[EventDate "2023.10.08"]
[EventType "team-tourn"]
[EventRounds "11"]
[EventCountry "HUN"]
[Source "chess.hu"]
[WhiteTeam "Haladas VSE II."]
[BlackTeam "Z.Csuti-Hydrocomp SK"]
[WhiteTeamCountry "HUN"]
[BlackTeamCountry "HUN"]

1. e4 c5 2. Nf3 Nc6 3. d4 cxd4 4. Nxd4 e6 5. Nc3 Qc7 6. Be3 a6 7. Qd2 Nf6 8.
O-O-O b5 9. f3 Bb7 10. g4 Be7 11. Kb1 O-O 12. g5 Nh5 13. Nxc6 Bxc6 14. Bh3 f5
15. gxf6 Nxf6 16. Rhg1 Rf7 17. Rg2 Bf8 18. Rdg1 Kh8 19. Ne2 Rc8 20. Nd4 b4 21.
Nxc6 Qxc6 22. Bd4 a5 23. Qh6 e5 24. Bxe5 Qc5 25. Bxf6 Rxf6 26. Qxf6 Qxg1+ 27.
Rxg1 gxf6 28. Bxd7 Rd8 29. Bg4 Bc5 30. Rf1 Rd2 31. h4 a4 32. f4 Bd4 33. Rd1
Rxd1+ 34. Bxd1 a3 35. bxa3 bxa3 36. c4 Kg7 37. Kc2 Kf7 38. Kb3 Bc5 39. Ka4 Ke6
40. Kb5 Bd6 41. f5+ Kd7 42. c5 Bg3 43. h5 Bf4 44. Kb6 Be3 45. Ba4+ Kc8 46. e5
fxe5 47. f6 Kd8 48. Kc6 Bg5 49. Kb7 e4 50. c6 Bf4 51. f7 Ke7 52. c7 1-0

[Event "NB I. Charousek csoport"]
[Site "Zalaegerszeg"]
[Date "2023.10.08"]
[Round "1.12"]
[White "Borocz, Lorinc"]
[Black "Vilics, Hanna"]
[Result "1/2-1/2"]
[WhiteElo "1907"]
[BlackElo "1795"]
[PlyCount "62"]
[EventDate "2023.10.08"]
[EventType "team-tourn"]
[EventRounds "11"]
[EventCountry "HUN"]
[Source "chess.hu"]
[WhiteTeam "Z.Csuti-Hydrocomp SK"]
[BlackTeam "Haladas VSE II."]
[WhiteTeamCountry "HUN"]
[BlackTeamCountry "HUN"]

1. e4 d5 2. exd5 Qxd5 3. Nf3 Bg4 4. Be2 Bxf3 5. Bxf3 Qe6+ 6. Qe2 Qxe2+ 7. Kxe2
c6 8. d4 e6 9. Be3 Nf6 10. c4 Nbd7 11. Nc3 Bb4 12. Ne4 Nxe4 13. Bxe4 f5 14. Bc2
Nf6 15. Bf4 O-O-O 16. Rad1 a6 17. Be5 Rhf8 18. a3 Ba5 19. b4 Bc7 20. f4 g5 21.
g3 b6 22. Kf3 Ng4 23. h3 Nxe5+ 24. dxe5 Rxd1 25. Bxd1 gxf4 26. gxf4 Rg8 27. Be2
Bd8 28. Rh2 Bh4 29. Rg2 Rxg2 30. Kxg2 c5 31. b5 Kd7 1/2-1/2

[Event "NB I. Charousek csoport"]
[Site "Biatorbagy"]
[Date "2023.10.08"]
[Round "1.1"]
[White "Aveskulov, Valeriy"]
[Black "Vanczak, Tamas"]
[Result "1/2-1/2"]
[WhiteElo "2492"]
[BlackElo "2424"]
[PlyCount "39"]
[EventDate "2023.10.08"]
[EventType "team-tourn"]
[EventRounds "11"]
[EventCountry "HUN"]
[Source "chess.hu"]
[WhiteTeam "Sentimento Ajka BSK"]
[BlackTeam "Biatorbagy II"]
[WhiteTeamCountry "HUN"]
[BlackTeamCountry "HUN"]

1. e4 c6 2. Nf3 d5 3. d3 g6 4. e5 Bg7 5. d4 Qb6 6. h3 Nh6 7. c4 O-O 8. Nc3 Rd8
9. Bd2 Nf5 10. c5 Qc7 11. g4 Nxd4 12. Nxd4 Qxe5+ 13. Nce2 Qc7 14. Bg2 e5 15.
Nb3 f5 16. gxf5 Bxf5 17. Ng3 Be6 18. O-O Rf8 19. Ba5 Qe7 20. Qe1 1/2-1/2

[Event "NB I. Charousek csoport"]
[Site "Biatorbagy"]
[Date "2023.10.08"]
[Round "1.2"]
[White "Pribelszky, Bence"]
[Black "Pasti, Aron"]
[Result "1/2-1/2"]
[WhiteElo "2399"]
[BlackElo "2394"]
[PlyCount "50"]
[EventDate "2023.10.08"]
[EventType "team-tourn"]
[EventRounds "11"]
[EventCountry "HUN"]
[Source "chess.hu"]
[WhiteTeam "Biatorbagy II"]
[BlackTeam "Sentimento Ajka BSK"]
[WhiteTeamCountry "HUN"]
[BlackTeamCountry "HUN"]

1. c4 e5 2. g3 Nf6 3. Bg2 d5 4. cxd5 Nxd5 5. Nc3 Nb6 6. Nf3 Nc6 7. O-O Be7 8.
Rb1 Be6 9. b4 f6 10. b5 Nd4 11. a4 O-O 12. e3 Nxf3+ 13. Qxf3 Rb8 14. Rd1 Qd3
15. Qe4 Qd7 16. Qc2 Bg4 17. Re1 Bf5 18. Be4 Bxe4 19. Qxe4 Rfd8 20. a5 Nd5 21.
Qc4 Kf8 22. e4 Nxc3 23. dxc3 Qd3 24. Qxd3 Rxd3 25. Be3 Rxc3 1/2-1/2

[Event "NB I. Charousek csoport"]
[Site "Biatorbagy"]
[Date "2023.10.08"]
[Round "1.4"]
[White "Fodor, Istvan"]
[Black "Horvath, Peter"]
[Result "0-1"]
[WhiteElo "2321"]
[BlackElo "2379"]
[PlyCount "110"]
[EventDate "2023.10.08"]
[EventType "team-tourn"]
[EventRounds "11"]
[EventCountry "HUN"]
[Source "chess.hu"]
[WhiteTeam "Biatorbagy II"]
[BlackTeam "Sentimento Ajka BSK"]
[WhiteTeamCountry "HUN"]
[BlackTeamCountry "HUN"]

1. d4 d5 2. c4 e6 3. Nc3 Nf6 4. cxd5 exd5 5. Bg5 Be7 6. e3 c6 7. Bd3 Nbd7 8.
Nf3 O-O 9. Qc2 Re8 10. O-O Nf8 11. h3 Ng6 12. Ne5 Nd7 13. Bxe7 Qxe7 14. f4
Ndxe5 15. dxe5 Nf8 16. e4 d4 17. Ne2 c5 18. Rac1 b6 19. b4 Nd7 20. Bc4 Rb8 21.
a4 a5 22. bxc5 bxc5 23. Bb5 Bb7 24. Ng3 g6 25. Qe2 Red8 26. Qg4 Kh8 27. Bxd7
Qxd7 28. Qg5 Qe6 29. Rxc5 d3 30. Rb5 Ba6 31. f5 Qc6 32. e6 Qc3 33. e5 Bxb5 34.
Qf6+ Kg8 35. exf7+ Kf8 36. fxg6 hxg6 37. Qh8+ Ke7 38. Qf6+ Kf8 39. Qh8+ Ke7 40.
Qf6+ Kf8 41. Qxg6 Qxe5 42. Nf5 Qh8 43. Qg5 Rd7 44. Nh6 d2 45. Qg8+ Ke7 46. Nf5+
Kf6 47. Ne3+ Bxf1 48. Ng4+ Ke7 49. Qg5+ Kxf7 50. Qf5+ Ke7 51. Qg5+ Kd6 52.
Qxd2+ Kc6 53. Qc2+ Kb7 54. Qe4+ Ka7 55. Ne5 Rd6 0-1

[Event "NB I. Charousek csoport"]
[Site "Biatorbagy"]
[Date "2023.10.08"]
[Round "1.5"]
[White "Egresi, Mate"]
[Black "Szikszai, Bertalan"]
[Result "1/2-1/2"]
[WhiteElo "2341"]
[BlackElo "2263"]
[PlyCount "109"]
[EventDate "2023.10.08"]
[EventType "team-tourn"]
[EventRounds "11"]
[EventCountry "HUN"]
[Source "chess.hu"]
[WhiteTeam "Sentimento Ajka BSK"]
[BlackTeam "Biatorbagy II"]
[WhiteTeamCountry "HUN"]
[BlackTeamCountry "HUN"]

1. e4 c5 2. Nf3 d6 3. Bb5+ Nd7 4. c3 Ngf6 5. Qe2 e6 6. d4 cxd4 7. cxd4 a6 8.
Bd3 b5 9. O-O Bb7 10. a4 b4 11. a5 Be7 12. Bf4 Nf8 13. h3 Ng6 14. Bh2 O-O 15.
Nbd2 Re8 16. Rfc1 Nh5 17. Qe3 e5 18. d5 Ngf4 19. Nc4 f5 20. Nb6 Bg5 21. Nxg5
Qxg5 22. Qf3 Nxd3 23. Qxd3 fxe4 24. Qxe4 Nf6 25. Qxb4 Rab8 26. Rd1 Red8 27. Qd2
Qf5 28. f4 Ne4 29. Qe3 exf4 30. Qxf4 Qg6 31. Re1 Re8 32. Re3 Nf6 33. Rg3 Qf7
34. Rf1 Rf8 35. Qd4 Rbe8 36. Rc3 Qe7 37. Rcf3 Nd7 38. Nc4 Rxf3 39. Rxf3 Ne5 40.
Re3 Qd8 41. Nb6 Nf7 42. Re6 Rxe6 43. dxe6 Ng5 44. Qxd6 Qxd6 45. Bxd6 Nxe6 46.
Kf2 Kf7 47. b4 Ng5 48. Bb8 Ke6 49. h4 Ne4+ 50. Ke3 Nf6 51. Kd4 Nd7 52. Nxd7
Kxd7 53. g4 Bc6 54. Ke5 Ke7 55. Bd6+ 1/2-1/2

[Event "NB I. Charousek csoport"]
[Site "Biatorbagy"]
[Date "2023.10.08"]
[Round "1.8"]
[White "Szakmary, Domonkos"]
[Black "Cseke, Richard"]
[Result "1/2-1/2"]
[WhiteElo "1956"]
[BlackElo "2300"]
[PlyCount "64"]
[EventDate "2023.10.08"]
[EventType "team-tourn"]
[EventRounds "11"]
[EventCountry "HUN"]
[Source "chess.hu"]
[WhiteTeam "Biatorbagy II"]
[BlackTeam "Sentimento Ajka BSK"]
[WhiteTeamCountry "HUN"]
[BlackTeamCountry "HUN"]

1. e4 c5 2. Nf3 Nc6 3. d4 cxd4 4. Nxd4 Nf6 5. Nc3 d6 6. f3 g6 7. Be3 Bg7 8. Qd2
O-O 9. g4 h5 10. h3 Be6 11. Nxe6 fxe6 12. O-O-O Kh7 13. Rg1 Rc8 14. f4 hxg4 15.
hxg4 Qa5 16. Bc4 Nd8 17. Bb3 Rxc3 18. Qxc3 Qxc3 19. bxc3 Nxe4 20. Rh1+ Kg8 21.
Bxa7 Nxc3 22. Rde1 Rxf4 23. Bb6 Nc6 24. Bxe6+ Kf8 25. Ref1 Ke8 26. Rxf4 Ne2+
27. Kd1 Nxf4 28. Bc8 Nb4 29. a4 Nbd5 30. a5 Nxb6 31. axb6 Bd4 32. Bxb7 Bxb6
1/2-1/2

[Event "NB I. Charousek csoport"]
[Site "Biatorbagy"]
[Date "2023.10.08"]
[Round "1.9"]
[White "Konyves, Almos"]
[Black "Felmery, Mate"]
[Result "1-0"]
[WhiteElo "2279"]
[BlackElo "2158"]
[PlyCount "109"]
[EventDate "2023.10.08"]
[EventType "team-tourn"]
[EventRounds "11"]
[EventCountry "HUN"]
[Source "chess.hu"]
[WhiteTeam "Sentimento Ajka BSK"]
[BlackTeam "Biatorbagy II"]
[WhiteTeamCountry "HUN"]
[BlackTeamCountry "HUN"]

1. d4 Nf6 2. c4 e6 3. Nc3 Bb4 4. e3 O-O 5. Bd3 d5 6. cxd5 exd5 7. a3 Bd6 8. Qc2
c6 9. Nge2 Re8 10. Bd2 Nbd7 11. f3 c5 12. h4 b6 13. h5 Nf8 14. O-O-O Bb7 15. g4
Ne6 16. Rdg1 Ng5 17. Rf1 h6 18. Rhg1 Rc8 19. Kb1 Ne6 20. Be1 cxd4 21. exd4 Nf4
22. Nxf4 Bxf4 23. Bd2 Qd6 24. Qc1 Bxd2 25. Qxd2 Nh7 26. Nb5 Qe7 27. Bf5 Rcd8
28. Re1 Qf6 29. Nxa7 Ng5 30. Qd3 Nh3 31. Rxe8+ Rxe8 32. Rc1 Nf4 33. Qd2 Ne6 34.
Nb5 Ba6 35. Nc7 Nxc7 36. Rxc7 Qd6 37. Rc1 Re2 38. Qxe2 Bxe2 39. Rc8+ Qf8 40.
Bh7+ Kxh7 41. Rxf8 Bxf3 42. Rxf7 Bxg4 43. Rb7 Bxh5 44. Rxb6 Be8 45. Kc2 h5 46.
Kd2 h4 47. Ke3 g5 48. Kf3 Bh5+ 49. Kg2 Bg4 50. a4 Bf5 51. a5 g4 52. a6 Be4+ 53.
Kg1 g3 54. Rb3 Bc2 55. Rc3 1-0

[Event "NB I. Charousek csoport"]
[Site "Biatorbagy"]
[Date "2023.10.08"]
[Round "1.10"]
[White "Erdos, Boglarka"]
[Black "Kolimar, Kristof Pal"]
[Result "0-1"]
[WhiteElo "2097"]
[BlackElo "2264"]
[PlyCount "110"]
[EventDate "2023.10.08"]
[EventType "team-tourn"]
[EventRounds "11"]
[EventCountry "HUN"]
[Source "chess.hu"]
[WhiteTeam "Biatorbagy II"]
[BlackTeam "Sentimento Ajka BSK"]
[WhiteTeamCountry "HUN"]
[BlackTeamCountry "HUN"]

1. e4 c5 2. Nf3 e6 3. g3 Nc6 4. Bg2 Nf6 5. Qe2 Be7 6. e5 Nd5 7. O-O d6 8. c3
dxe5 9. Nxe5 Nxe5 10. Qxe5 O-O 11. d3 Bd7 12. Nd2 Bc6 13. Ne4 Rc8 14. d4 cxd4
15. Qxd4 f5 16. Nc5 Nxc3 17. Qxd8 Ne2+ 18. Kh1 Bxg2+ 19. Kxg2 Rfxd8 20. Nxe6
Rd6 21. Nf4 Nd4 22. Be3 Nc2 23. Rac1 Nxe3+ 24. fxe3 Rd2+ 25. Kf3 Rxc1 26. Rxc1
Rxb2 27. Rc8+ Kf7 28. Rc7 Rd2 29. h4 Ke8 30. Rxb7 Rxa2 31. Nd5 Bf8 32. Kf4 Ra5
33. Ke5 Ba3 34. Ke6 Ra6+ 35. Kxf5 Kf8 36. Rb8+ Kf7 37. Rb7+ Kg8 38. h5 h6 39.
e4 Ra5 40. Kg6 Ra6+ 41. Kf5 Ra5 42. Rd7 Kf8 43. Rd8+ Kf7 44. e5 Ra6 45. Rd7+
Kf8 46. Nc7 Ra5 47. Ne6+ Ke8 48. Rb7 Bd6 49. Nxg7+ Kd8 50. Kg6 Bxe5 51. Nf5
Bxg3 52. Nxg3 Rg5+ 53. Kxh6 Rxg3 54. Rxa7 Ke8 55. Rg7 Rh3 0-1

[Event "NB I. Charousek csoport"]
[Site "Biatorbagy"]
[Date "2023.10.08"]
[Round "1.11"]
[White "Kozma, Karoly"]
[Black "Jamrich, Gyorgy"]
[Result "1/2-1/2"]
[WhiteElo "2204"]
[BlackElo "2133"]
[PlyCount "37"]
[EventDate "2023.10.08"]
[EventType "team-tourn"]
[EventRounds "11"]
[EventCountry "HUN"]
[Source "chess.hu"]
[WhiteTeam "Sentimento Ajka BSK"]
[BlackTeam "Biatorbagy II"]
[WhiteTeamCountry "HUN"]
[BlackTeamCountry "HUN"]

1. Nf3 d5 2. b3 Bf5 3. Bb2 e6 4. g3 Nf6 5. Bg2 h6 6. O-O Be7 7. d3 O-O 8. Nbd2
c6 9. Ne5 Nbd7 10. e4 Bh7 11. Qe2 Nxe5 12. Bxe5 Qa5 13. Bb2 Rad8 14. a3 dxe4
15. Nxe4 Nxe4 16. Bxe4 Bxe4 17. Qxe4 Rd7 18. Rfe1 Qd8 19. Qf3 1/2-1/2

[Event "NB I. Charousek csoport"]
[Site "Biatorbagy"]
[Date "2023.10.08"]
[Round "1.12"]
[White "Ravasz, Laszlo Jr"]
[Black "Pasti, Anna"]
[Result "1-0"]
[WhiteElo "2218"]
[BlackElo "2010"]
[PlyCount "71"]
[EventDate "2023.10.08"]
[EventType "team-tourn"]
[EventRounds "11"]
[EventCountry "HUN"]
[Source "chess.hu"]
[WhiteTeam "Biatorbagy II"]
[BlackTeam "Sentimento Ajka BSK"]
[WhiteTeamCountry "HUN"]
[BlackTeamCountry "HUN"]

1. b3 e5 2. Bb2 Nc6 3. e3 d5 4. Bb5 Bd6 5. f4 Qe7 6. fxe5 Bxe5 7. Bxe5 Qxe5 8.
Nc3 Nf6 9. Nf3 Qd6 10. O-O a6 11. Bxc6+ bxc6 12. Qe1 O-O 13. Qh4 c5 14. Rae1
Bb7 15. d3 d4 16. Nd1 Nd7 17. e4 Rae8 18. g4 Re6 19. Kg2 Rh6 20. Qg3 Qxg3+ 21.
Kxg3 a5 22. a4 Re6 23. Rf2 g6 24. Ref1 h6 25. Nd2 Nb6 26. Nb2 Ba6 27. Rf6 Kg7
28. R6f4 Kg8 29. h4 Kg7 30. R1f2 Nd7 31. Nbc4 Bxc4 32. Nxc4 Ra6 33. h5 gxh5 34.
gxh5 Ra7 35. Rf5 c6 36. e5 1-0

[Event "NB I. Charousek csoport"]
[Site "Budapest"]
[Date "2023.10.08"]
[Round "1.1"]
[White "Fancsy, Imre"]
[Black "Juhasz, Agoston"]
[Result "1/2-1/2"]
[WhiteElo "2350"]
[BlackElo "2391"]
[PlyCount "41"]
[EventDate "2023.10.08"]
[EventType "team-tourn"]
[EventRounds "11"]
[EventCountry "HUN"]
[Source "chess.hu"]
[WhiteTeam "Balatonfuredi SC"]
[BlackTeam "MTK Budapest"]
[WhiteTeamCountry "HUN"]
[BlackTeamCountry "HUN"]

1. d4 d5 2. Nf3 Nf6 3. Bf4 Bf5 4. e3 e6 5. Bd3 Bd6 6. Bxf5 exf5 7. Bxd6 Qxd6 8.
O-O O-O 9. Nbd2 f4 10. exf4 Qxf4 11. c3 c6 12. Re1 Nbd7 13. Qb3 Qc7 14. Re7
Rfe8 15. Rae1 Rxe7 16. Rxe7 Re8 17. Rxe8+ Nxe8 18. Qa3 a6 19. Qe7 Ndf6 20. Qxc7
Nxc7 21. Ne5 1/2-1/2

[Event "NB I. Charousek csoport"]
[Site "Budapest"]
[Date "2023.10.08"]
[Round "1.2"]
[White "Ongut, Tamas Gunes"]
[Black "Pataki, Gyozo"]
[Result "1/2-1/2"]
[WhiteElo "2295"]
[BlackElo "2308"]
[PlyCount "116"]
[EventDate "2023.10.08"]
[EventType "team-tourn"]
[EventRounds "11"]
[EventCountry "HUN"]
[Source "chess.hu"]
[WhiteTeam "MTK Budapest"]
[BlackTeam "Balatonfuredi SC"]
[WhiteTeamCountry "HUN"]
[BlackTeamCountry "HUN"]

1. e4 c5 2. Nf3 e6 3. c3 d5 4. exd5 Qxd5 5. d4 Nf6 6. Na3 Nc6 7. Be3 cxd4 8.
Nb5 Qd8 9. Nbxd4 Nxd4 10. Bxd4 Be7 11. Bd3 O-O 12. Qc2 h6 13. O-O-O Qa5 14. Kb1
Rd8 15. Ne5 Bd7 16. Qe2 Ba4 17. Rde1 Be8 18. g4 Rxd4 19. cxd4 Qb4 20. Rc1 Qxd4
21. Rhd1 Qf4 22. h3 Rd8 23. Rc4 Qh2 24. f4 Qxh3 25. g5 Nd5 26. Qe4 g6 27. Rh1
Qe3 28. Rxh6 Qxe4 29. Rxe4 Nxf4 30. Rxf4 Bxg5 31. Nxf7 Bxf7 32. Rxf7 Kxf7 33.
Rh7+ Kf6 34. Kc2 Be3 35. Rxb7 g5 36. Rb4 Bd4 37. Kd2 Ke5 38. Ke2 Kf4 39. Rb7
Rf8 40. Bc4 e5 41. b4 g4 42. Be6 Rf6 43. Rf7 Rxf7 44. Bxf7 g3 45. Kf1 Ke3 46.
Kg2 Kd2 47. Kxg3 e4 48. Bc4 Kc3 49. Ba6 Kxb4 50. Kf4 e3 51. Kf3 Ka3 52. Bc4 a5
53. Ke2 Kb4 54. Bf7 Kc3 55. Bg8 Bc5 56. Bf7 Bd4 57. Bg8 Bc5 58. Bf7 Bd4 1/2-1/2

[Event "NB I. Charousek csoport"]
[Site "Budapest"]
[Date "2023.10.08"]
[Round "1.3"]
[White "Zentai, Peter"]
[Black "Matyassy, Lazar"]
[Result "1/2-1/2"]
[WhiteElo "2235"]
[BlackElo "2227"]
[PlyCount "25"]
[EventDate "2023.10.08"]
[EventType "team-tourn"]
[EventRounds "11"]
[EventCountry "HUN"]
[Source "chess.hu"]
[WhiteTeam "Balatonfuredi SC"]
[BlackTeam "MTK Budapest"]
[WhiteTeamCountry "HUN"]
[BlackTeamCountry "HUN"]

1. d4 Nf6 2. c4 e6 3. Nf3 d5 4. Nc3 Nbd7 5. Bf4 dxc4 6. e3 Nd5 7. Bxc4 Nxf4 8.
exf4 g6 9. O-O Bg7 10. Qe2 O-O 11. Rad1 Nb6 12. Bb3 a5 13. a3 1/2-1/2

[Event "NB I. Charousek csoport"]
[Site "Budapest"]
[Date "2023.10.08"]
[Round "1.4"]
[White "Kovacsy, Barnabas"]
[Black "Lyell, Mark"]
[Result "1-0"]
[WhiteElo "2248"]
[BlackElo "2201"]
[PlyCount "55"]
[EventDate "2023.10.08"]
[EventType "team-tourn"]
[EventRounds "11"]
[EventCountry "HUN"]
[Source "chess.hu"]
[WhiteTeam "MTK Budapest"]
[BlackTeam "Balatonfuredi SC"]
[WhiteTeamCountry "HUN"]
[BlackTeamCountry "HUN"]

1. e4 g6 2. d4 Bg7 3. Nf3 d6 4. Be2 Nf6 5. Nc3 O-O 6. O-O a6 7. Re1 Nc6 8. h3
e5 9. Be3 Re8 10. dxe5 dxe5 11. Qxd8 Nxd8 12. Rad1 Ne6 13. Nxe5 Nxe4 14. Nxe4
Bxe5 15. c3 f5 16. Ng5 Nxg5 17. Bxg5 Be6 18. Bf3 Bxa2 19. Bxb7 Rab8 20. Bxa6
Re6 21. Re2 Rxa6 22. Rxe5 Re6 23. Ra5 Bc4 24. Rc5 Be2 25. Rd7 Bb5 26. Rdxc7
Re1+ 27. Kh2 Re2 28. Bh6 1-0

[Event "NB I. Charousek csoport"]
[Site "Budapest"]
[Date "2023.10.08"]
[Round "1.5"]
[White "Glatt, Gabor"]
[Black "Geher, Koppany"]
[Result "1/2-1/2"]
[WhiteElo "2193"]
[BlackElo "2241"]
[PlyCount "74"]
[EventDate "2023.10.08"]
[EventType "team-tourn"]
[EventRounds "11"]
[EventCountry "HUN"]
[Source "chess.hu"]
[WhiteTeam "Balatonfuredi SC"]
[BlackTeam "MTK Budapest"]
[WhiteTeamCountry "HUN"]
[BlackTeamCountry "HUN"]

1. e4 c5 2. Nf3 e6 3. d4 cxd4 4. Nxd4 Nf6 5. Nc3 Nc6 6. Ndb5 Bb4 7. a3 Bxc3+ 8.
Nxc3 d5 9. exd5 exd5 10. Bd3 O-O 11. O-O d4 12. Ne2 Bg4 13. Bg5 Bxe2 14. Bxe2
h6 15. Bh4 Re8 16. Re1 g5 17. Bg3 Qb6 18. b3 Ne4 19. Bd3 Nxg3 20. hxg3 Ne5 21.
Re4 Nxd3 22. Qxd3 Rxe4 23. Qxe4 Rc8 24. Rd1 Qc6 25. Rxd4 Qxe4 26. Rxe4 Rxc2 27.
Re7 Rc1+ 28. Kh2 Ra1 29. a4 b6 30. Rxa7 Rb1 31. Rb7 Rxb3 32. a5 b5 33. a6 Ra3
34. a7 Kg7 35. g4 b4 36. f3 b3 37. Rxb3 Rxa7 1/2-1/2

[Event "NB I. Charousek csoport"]
[Site "Budapest"]
[Date "2023.10.08"]
[Round "1.6"]
[White "Fodor, Balazs"]
[Black "Bodnar, Zoltan"]
[Result "1-0"]
[WhiteElo "2179"]
[BlackElo "2099"]
[PlyCount "77"]
[EventDate "2023.10.08"]
[EventType "team-tourn"]
[EventRounds "11"]
[EventCountry "HUN"]
[Source "chess.hu"]
[WhiteTeam "MTK Budapest"]
[BlackTeam "Balatonfuredi SC"]
[WhiteTeamCountry "HUN"]
[BlackTeamCountry "HUN"]

1. d4 d5 2. c4 c6 3. Nf3 Nf6 4. Nc3 e6 5. Qd3 dxc4 6. Qxc4 b5 7. Qd3 Ba6 8. Qc2
b4 9. Na4 Qd5 10. g3 Be7 11. Bg2 O-O 12. b3 Bb5 13. Nb2 a5 14. Nc4 Qe4 15. Qb2
Rd8 16. Be3 h6 17. O-O Nd5 18. Ng5 Qg4 19. Bf3 Qf5 20. Be4 Qg4 21. h3 Qh5 22.
Bf3 Qg6 23. Ne5 Qf5 24. Be4 Bxg5 25. Bxf5 Nxe3 26. Bh7+ Kxh7 27. fxe3 Bxe3+ 28.
Kh2 Bxd4 29. Qc2+ f5 30. Rad1 Rd5 31. Nf3 Bc3 32. e4 Rc5 33. exf5 exf5 34. Rf2
Na6 35. Qb1 Re8 36. Nh4 Re2 37. Rxe2 Bxe2 38. Nxf5 Bxd1 39. Ne7+ 1-0

[Event "NB I. Charousek csoport"]
[Site "Budapest"]
[Date "2023.10.08"]
[Round "1.7"]
[White "Forgacs, Attila"]
[Black "Virag, Balint"]
[Result "1/2-1/2"]
[WhiteElo "2036"]
[BlackElo "2147"]
[PlyCount "48"]
[EventDate "2023.10.08"]
[EventType "team-tourn"]
[EventRounds "11"]
[EventCountry "HUN"]
[Source "chess.hu"]
[WhiteTeam "Balatonfuredi SC"]
[BlackTeam "MTK Budapest"]
[WhiteTeamCountry "HUN"]
[BlackTeamCountry "HUN"]

1. e4 e5 2. Nf3 Nc6 3. Bb5 a6 4. Ba4 Nf6 5. O-O Nxe4 6. d4 b5 7. Bb3 d5 8. dxe5
Be6 9. c3 Bc5 10. Nbd2 Bf5 11. Bc2 O-O 12. Nb3 Bg6 13. Nbd4 Bxd4 14. cxd4 f6
15. Be3 Bh5 16. Rc1 fxe5 17. dxe5 Bxf3 18. gxf3 Nxe5 19. fxe4 Nf3+ 20. Kg2 Qh4
21. Qxf3 Rxf3 22. Kxf3 Qh5+ 23. Kg2 Qg4+ 24. Kh1 Qf3+ 1/2-1/2

[Event "NB I. Charousek csoport"]
[Site "Budapest"]
[Date "2023.10.08"]
[Round "1.8"]
[White "Gergely, Daniel"]
[Black "Salavecz, Gergely"]
[Result "1-0"]
[WhiteElo "2147"]
[BlackElo "2008"]
[PlyCount "63"]
[EventDate "2023.10.08"]
[EventType "team-tourn"]
[EventRounds "11"]
[EventCountry "HUN"]
[Source "chess.hu"]
[WhiteTeam "MTK Budapest"]
[BlackTeam "Balatonfuredi SC"]
[WhiteTeamCountry "HUN"]
[BlackTeamCountry "HUN"]

1. d4 d5 2. c4 dxc4 3. e4 Nc6 4. Nf3 Bg4 5. Bxc4 e6 6. Be3 Bxf3 7. gxf3 Qf6 8.
Nc3 Bb4 9. a3 Ba5 10. f4 O-O-O 11. e5 Qh4 12. Qa4 Bb6 13. O-O-O Nge7 14. d5
Bxe3+ 15. fxe3 exd5 16. Nxd5 Kb8 17. Qb5 Qh3 18. Rd3 a6 19. Qc5 Qg2 20. Rhd1
Nxd5 21. Bxd5 Qg6 22. Qc4 Na5 23. Qb4 b6 24. Be4 Rxd3 25. Bxg6 Rxd1+ 26. Kxd1
hxg6 27. Qe7 f6 28. e6 Nc6 29. Qxg7 Re8 30. Qd7 Rd8 31. Qxd8+ Nxd8 32. e7 1-0

[Event "NB I. Charousek csoport"]
[Site "Budapest"]
[Date "2023.10.08"]
[Round "1.9"]
[White "Vargyas, Zoltan"]
[Black "Toth, Lili"]
[Result "1-0"]
[WhiteElo "1903"]
[BlackElo "1950"]
[PlyCount "77"]
[EventDate "2023.10.08"]
[EventType "team-tourn"]
[EventRounds "11"]
[EventCountry "HUN"]
[Source "chess.hu"]
[WhiteTeam "Balatonfuredi SC"]
[BlackTeam "MTK Budapest"]
[WhiteTeamCountry "HUN"]
[BlackTeamCountry "HUN"]

1. Nf3 d5 2. c4 e6 3. d4 Nf6 4. Nc3 dxc4 5. e3 a6 6. Bxc4 b5 7. Bd3 Bb7 8. O-O
Nbd7 9. Qe2 c5 10. Rd1 Qc7 11. e4 cxd4 12. Nxd4 Bc5 13. Be3 b4 14. Na4 Bxe4 15.
Nxe6 fxe6 16. Nxc5 Bxd3 17. Nxd3 Qb7 18. Bc5 Kf7 19. Bxb4 Rac8 20. Bc3 Rc4 21.
Re1 Re8 22. Bxf6 Kxf6 23. Qh5 Re7 24. Re3 e5 25. Rf3+ Ke6 26. Qxh7 Nf6 27. Qf5+
Kd6 28. Re1 Qd5 29. Rfe3 e4 30. Qf4+ Kd7 31. Nc1 Qc6 32. Ne2 Nd5 33. Qg4+ Qe6
34. Qxe6+ Rxe6 35. Rg3 g6 36. h4 e3 37. fxe3 Rb4 38. Rd1 Kc6 39. Nd4+ 1-0

[Event "NB I. Charousek csoport"]
[Site "Budapest"]
[Date "2023.10.08"]
[Round "1.10"]
[White "Kaloczi, Kristof"]
[Black "Bartha, Sandor"]
[Result "1-0"]
[WhiteElo "2086"]
[BlackElo "2008"]
[PlyCount "79"]
[EventDate "2023.10.08"]
[EventType "team-tourn"]
[EventRounds "11"]
[EventCountry "HUN"]
[Source "chess.hu"]
[WhiteTeam "MTK Budapest"]
[BlackTeam "Balatonfuredi SC"]
[WhiteTeamCountry "HUN"]
[BlackTeamCountry "HUN"]

1. b3 d5 2. Bb2 Bf5 3. e3 e6 4. Nf3 Nf6 5. Be2 Be7 6. O-O O-O 7. Nh4 Bg6 8.
Nxg6 hxg6 9. c4 c6 10. d3 Nbd7 11. Nd2 a5 12. a3 Ne8 13. Qc2 Bf6 14. Rab1 Bxb2
15. Rxb2 Qe7 16. b4 axb4 17. axb4 Nc7 18. Rc1 Ra3 19. Nb1 Ra1 20. Nc3 Rfa8 21.
b5 c5 22. b6 Rxc1+ 23. Qxc1 Na6 24. cxd5 Nb4 25. dxe6 Qxe6 26. d4 Qxb6 27. Nd5
Qd6 28. Nxb4 cxb4 29. Qb1 b6 30. Rxb4 Rb8 31. h3 Nf6 32. Bf3 Qc7 33. e4 Nd7 34.
e5 Nf8 35. Qb2 Qd8 36. d5 Nd7 37. e6 fxe6 38. dxe6 Nc5 39. e7 Qxe7 40. Bd5+ 1-0